| 000 | 01351nam a22003017a 4500 | ||
|---|---|---|---|
| 001 | 1653 | ||
| 003 | FISKH | ||
| 005 | 20230913105051.0 | ||
| 008 | 230913b cb ||||| |||| 00| 0 khr d | ||
| 020 | _a9789924341567 | ||
| 040 |
_aFISKH _beng _cFISKH _dFISKH |
||
| 082 | _a398.2452 | ||
| 100 | _aValckx, Catharina | ||
| 245 |
_aលើកជើងឡើង / _cនិពន្ធ និងគូររូបដោយ កាតារីណា វាល់ - បកប្រែពីភាសាបារាំងដោយ អ៊ុំ វ័ណថារី |
||
| 260 |
_aParis : _bSipar, _c2010. |
||
| 300 |
_a35 pages : _bcolor illustrations ; _c20 cm |
||
| 490 | _aរឿងដំបូងៗ | ||
| 505 | _aK | ||
| 520 | _aឪពុកប៊ីលីជាអ្នកលេងដ៏ល្បី ហើយគាត់ចង់ឳ្យកូនដូចគាត់ដែរ។ តែប៊ីលីចិត្តពេកហើយ។ | ||
| 520 | _aBilly's father is a famous player and he wants his son to be like him. But Billy is too kind. | ||
| 521 | 8 |
_a510
_bLexile estimate |
|
| 521 | 8 |
_aK
_bRaz-Plus |
|
| 650 |
_aអ្នកលេង _vចិត្តល្អណាស់ |
||
| 650 |
_aPlayer _vtoo kind |
||
| 700 |
_aVanthary, Oum _eTranslator |
||
| 700 |
_aValckx, Catharina _eillustrator |
||
| 942 |
_2ddc _cKHB _n0 |
||
| 999 |
_c1653 _d1653 |
||